000 00284nam a22001337a 4500
008 170420b xxu||||| |||| 00| 0 eng d
020 _a2*92964
041 _aeng
080 _a573
100 _a11
101 _aSHM
245 _aBIOLOGY OF HUMANS
_cGOODENOUGH, J
942 _2udc
_cBK
999 _c11333
_d11333